[Event "Oberliga Bayern 1920"]
[Site "Bayern"]
[Date "2019.12.08"]
[Round "4.3"]
[White "Bayer, Bernhard"]
[Black "Reis, Gerhard"]
[Result "1/2-1/2"]
[WhiteElo "2356"]
[BlackElo "2232"]
[PlyCount "50"]
[EventDate "2019.10.20"]
[EventType "team-tourn"]
[EventRounds "9"]
[EventCountry "GER"]
[SourceTitle "EXT 2021"]
[Source "ChessBase"]
[SourceDate "2020.10.23"]
[SourceVersion "1"]
[SourceVersionDate "2020.10.23"]
[SourceQuality "1"]
[WhiteTeam "Weilheim"]
[BlackTeam "Nuernberg Sued SW"]
[WhiteTeamCountry "GER"]
[BlackTeamCountry "GER"]

1. d4 Nf6 2. Bg5 d5 3. Bxf6 exf6 4. e3 Bd6 5. g3 c6 6. Bg2 0-0 7. Nd2 Re8 8. Ngf3 Be6 9. 0-0 Nd7 10. c3 f5 11. Ne1 Nf6 12. Nd3 Ne4 13. Nf4 Bd7 14. Rc1 Qa5 15. a3 b5 16. Re1 Qc7 17. f3 Nf6 18. Nb3 Re7 19. Qd2 Rae8 20. Nc5 Bc8 21. b4 a5 22. Bf1 a4 23. Re2 h5 24. h4 g6 25. Rce1 Kh7 1/2-1/2

[Event "FICGS class C 000268 email"]
[Site "FICGS email"]
[Date "2019.03.05"]
[Round "1"]
[White "Bayer, Bernhard"]
[Black "Pech, Jaroslav Sr"]
[Result "0-1"]
[WhiteElo "1966"]
[BlackElo "1709"]
[PlyCount "34"]
[EventDate "2019.??.??"]
[EventType "tourn (corr)"]
[EventRounds "4"]
[SourceTitle "Corr 2022"]
[Source "ChessBase"]
[SourceDate "2021.10.24"]
[SourceVersion "1"]
[SourceVersionDate "2021.10.24"]
[SourceQuality "1"]

1. d4 d5 2. c4 c6 3. Nf3 Nf6 4. Nc3 e6 5. e3 Nbd7 6. Qc2 Bd6 7. Bd3 0-0 8. 0-0 dxc4 9. Bxc4 a6 10. Rd1 b5 11. Be2 Qc7 12. Ne4 Nxe4 13. Qxe4 e5 14. Qd3 exd4 15. Qxd4 Be7 16. Qf4 Qxf4 17. exf4 Bf6 0-1

[Event "FICGS class C 000268 email"]
[Site "FICGS email"]
[Date "2019.03.05"]
[Round "1"]
[White "Sujas, Abdulsamad"]
[Black "Bayer, Bernhard"]
[Result "0-1"]
[WhiteElo "1700"]
[BlackElo "1966"]
[PlyCount "40"]
[EventDate "2019.??.??"]
[EventType "tourn (corr)"]
[EventRounds "4"]
[SourceTitle "Corr 2022"]
[Source "ChessBase"]
[SourceDate "2021.10.24"]
[SourceVersion "1"]
[SourceVersionDate "2021.10.24"]
[SourceQuality "1"]

1. d4 Nf6 2. c4 e6 3. Nc3 Bb4 4. Nf3 b6 5. Bg5 Bb7 6. e3 h6 7. Bh4 g5 8. Bg3 Ne4 9. Rc1 Bxc3+ 10. bxc3 d6 11. Bd3 Nd7 12. 0-0 Qe7 13. Nd2 Nxd2 14. Qxd2 0-0-0 15. f4 h5 16. fxg5 h4 17. Be1 Rdg8 18. e4 Rxg5 19. Qf4 f5 20. exf5 Rxg2+ 0-1

[Event "FICGS class C 000264 email"]
[Site "FICGS email"]
[Date "2018.11.22"]
[Round "1"]
[White "Bayer, Bernhard"]
[Black "Vestenicky, Patrik"]
[Result "1-0"]
[WhiteElo "1906"]
[BlackElo "1838"]
[PlyCount "87"]
[EventDate "2018.??.??"]
[EventType "tourn (corr)"]
[EventRounds "1"]
[SourceTitle "Corr 2022"]
[Source "ChessBase"]
[SourceDate "2021.10.24"]
[SourceVersion "1"]
[SourceVersionDate "2021.10.24"]
[SourceQuality "1"]

1. e4 c5 2. Nf3 Nc6 3. Bb5 e6 4. 0-0 Nge7 5. d4 cxd4 6. Nxd4 Qb6 7. Nxc6 dxc6 8. Bc4 Ng6 9. Kh1 Be7 10. f4 0-0 11. a4 Bd7 12. Qe2 h6 13. g3 Qc7 14. Be3 c5 15. Nc3 Rad8 16. Kg1 b6 17. Nb5 Qb7 18. e5 Qb8 19. h4 Rfe8 20. b3 Bc6 21. Kh2 Rd7 22. Rae1 Bf8 23. h5 Ne7 24. Nd6 Rxd6 25. exd6 Nf5 26. Bb5 Bxb5 27. axb5 Bxd6 28. Kh3 Be7 29. g4 Nxe3 30. Qxe3 Qc8 31. Qf3 Qc7 32. Rd1 Rc8 33. Rd3 c4 34. Rc3 Qd6 35. Rxc4 Rd8 36. Rc3 Qb4 37. Ra1 Qxb5 38. Rxa7 Bc5 39. Rc7 Qe8 40. Rd3 Rc8 41. Rcd7 Be7 42. c4 Bf6 43. Rb7 Rd8 44. Rxd8 1-0

[Event "FICGS class C 000264 email"]
[Site "FICGS email"]
[Date "2018.11.22"]
[Round "1"]
[White "Bayer, Bernhard"]
[Black "Vollmer, Steve"]
[Result "1-0"]
[WhiteElo "1906"]
[BlackElo "1781"]
[PlyCount "57"]
[EventDate "2018.??.??"]
[EventType "tourn (corr)"]
[EventRounds "1"]
[SourceTitle "Corr 2022"]
[Source "ChessBase"]
[SourceDate "2021.10.24"]
[SourceVersion "1"]
[SourceVersionDate "2021.10.24"]
[SourceQuality "1"]

1. e4 e5 2. Nf3 Nc6 3. Bb5 a6 4. Ba4 d6 5. 0-0 Nf6 6. c3 b5 7. Bc2 Be7 8. h3 0-0 9. d4 exd4 10. cxd4 Bb7 11. Nc3 Na5 12. Re1 Nc4 13. Qe2 c5 14. a4 Qb6 15. e5 Nd5 16. Nxd5 Bxd5 17. b3 Na5 18. Qd3 g6 19. dxc5 Qxc5 20. b4 Qc6 21. bxa5 Bxf3 22. axb5 axb5 23. gxf3 dxe5 24. Qe2 Qc3 25. Bh6 Rfc8 26. Be4 Rxa5 27. Rac1 Qxc1 28. Rxc1 Rxc1+ 29. Bxc1 1-0

[Event "BL2-Ost 1819"]
[Site "Germany"]
[Date "2018.11.11"]
[Round "2.3"]
[White "Bayer, Bernhard"]
[Black "Wall, Gavin"]
[Result "1/2-1/2"]
[WhiteElo "2410"]
[BlackElo "2329"]
[PlyCount "58"]
[EventDate "2018.11.10"]
[EventType "team-tourn"]
[EventRounds "10"]
[EventCountry "GER"]
[SourceTitle "CBM 190 Extra"]
[Source "ChessBase"]
[SourceDate "2019.07.15"]
[SourceVersion "1"]
[SourceVersionDate "2019.07.15"]
[SourceQuality "1"]
[WhiteTeam "Weilheim"]
[BlackTeam "Bindlach"]
[WhiteTeamCountry "GER"]
[BlackTeamCountry "GER"]

1. Nf3 d6 2. g3 g6 3. Bg2 Bg7 4. c4 f5 5. d4 Nf6 6. Nc3 0-0 7. 0-0 Qe8 8. b3 c6 9. Qc2 Na6 10. Ba3 b5 11. cxb5 cxb5 12. Ng5 Rb8 13. Nd5 Nxd5 14. Bxd5+ e6 15. Bg2 Qe7 16. Nf3 b4 17. Bb2 Nc7 18. a3 bxa3 19. Rxa3 Nb5 20. Ra4 Bb7 21. Rc1 Be4 22. Qd1 Qb7 23. Ne1 Bh6 24. e3 Rfc8 25. Rac4 Bxg2 26. Rxc8+ Rxc8 27. Rxc8+ Qxc8 28. Kxg2 Qc6+ 29. Qf3 Qxf3+ 1/2-1/2

[Event "AUT-chT 1718"]
[Site "Austria"]
[Date "2018.04.07"]
[Round "11.3"]
[White "Rogic, Davor"]
[Black "Bayer, Bernhard"]
[Result "1-0"]
[WhiteElo "2501"]
[BlackElo "2411"]
[PlyCount "65"]
[EventDate "2017.11.16"]
[EventType "team-tourn"]
[EventRounds "11"]
[EventCountry "AUT"]
[SourceTitle "EXT 2019"]
[Source "ChessBase"]
[SourceDate "2018.10.10"]
[SourceVersion "1"]
[SourceVersionDate "2018.10.10"]
[SourceQuality "1"]
[WhiteTeam "St Veit"]
[BlackTeam "Absam"]
[WhiteTeamCountry "AUT"]
[BlackTeamCountry "AUT"]

1. e4 e5 2. Nf3 Nc6 3. Bb5 a6 4. Ba4 Nf6 5. 0-0 Be7 6. Re1 b5 7. Bb3 0-0 8. c3 d6 9. h3 Nb8 10. d4 Nbd7 11. Nbd2 Bb7 12. Bc2 Re8 13. a4 Bf8 14. Bd3 c6 15. Qc2 g6 16. dxe5 dxe5 17. Nb3 Rc8 18. c4 Nb6 19. c5 Nxa4 20. Bf1 Nd7 21. Be3 Qc7 22. Rec1 Be7 23. Ne1 Nf8 24. Nd3 Ne6 25. Bd2 Qb8 26. Rd1 Rcd8 27. Be3 f5 28. f3 f4 29. Bf2 Bf6 30. Na5 Nd4 31. Qc1 Qc7 32. Be1 Qf7 33. Ra3 1-0

[Event "AUT-chT 1718"]
[Site "Austria"]
[Date "2018.04.05"]
[Round "9.4"]
[White "Singer, Christoph"]
[Black "Bayer, Bernhard"]
[Result "1/2-1/2"]
[WhiteElo "2401"]
[BlackElo "2411"]
[PlyCount "68"]
[EventDate "2017.11.16"]
[EventType "team-tourn"]
[EventRounds "11"]
[EventCountry "AUT"]
[SourceTitle "EXT 2019"]
[Source "ChessBase"]
[SourceDate "2018.10.10"]
[SourceVersion "1"]
[SourceVersionDate "2018.10.10"]
[SourceQuality "1"]
[WhiteTeam "Grieskirchen/Schallerbach"]
[BlackTeam "Absam"]
[WhiteTeamCountry "AUT"]
[BlackTeamCountry "AUT"]

1. e4 c6 2. d4 d5 3. exd5 cxd5 4. Bd3 Nc6 5. c3 g6 6. Bf4 Bg7 7. Nf3 Nh6 8. 0-0 0-0 9. Re1 Re8 10. Qd2 Nf5 11. Na3 a6 12. Nc2 f6 13. c4 dxc4 14. Bxc4+ Kh8 15. Rad1 b5 16. Bf7 Rf8 17. Be6 Bxe6 18. Rxe6 Qd5 19. Rde1 g5 20. Bg3 g4 21. Nh4 Nxh4 22. Bxh4 Ne5 23. Rxe7 Ng6 24. Ne3 Qh5 25. Rxg7 Kxg7 26. Bg3 Qg5 27. d5 h5 28. Bd6 Rf7 29. Qc2 Re8 30. Rd1 h4 31. Bc7 Rxe3 32. fxe3 Qxe3+ 33. Kh1 h3 34. Bg3 Nf4 1/2-1/2

[Event "BL2-Ost 1718"]
[Site "Germany"]
[Date "2018.02.04"]
[Round "8.3"]
[White "Heidrich, Manfred"]
[Black "Bayer, Bernhard"]
[Result "1/2-1/2"]
[WhiteElo "2362"]
[BlackElo "2411"]
[PlyCount "75"]
[EventDate "2017.10.21"]
[EventType "team-tourn"]
[EventRounds "10"]
[EventCountry "GER"]
[SourceTitle "CBM 183 Extra"]
[Source "ChessBase"]
[SourceDate "2018.04.19"]
[SourceVersion "1"]
[SourceVersionDate "2018.04.19"]
[SourceQuality "1"]
[WhiteTeam "Forchheim"]
[BlackTeam "Weilheim"]
[WhiteTeamCountry "GER"]
[BlackTeamCountry "GER"]

1. e4 c6 2. d4 d5 3. Nd2 dxe4 4. Nxe4 Bf5 5. Ng3 Bg6 6. h4 h6 7. Nf3 Nd7 8. h5 Bh7 9. Bd3 Bxd3 10. Qxd3 Ngf6 11. Bd2 e6 12. Ne4 Nxe4 13. Qxe4 Nf6 14. Qe2 Qd5 15. c4 Qe4 16. Qxe4 Nxe4 17. Be3 Be7 18. Ne5 Bf6 19. Rd1 Rd8 20. g4 c5 21. f4 cxd4 22. Rxd4 Rxd4 23. Bxd4 0-0 24. Rh2 Rd8 25. Be3 Be7 26. Rc2 f5 27. gxf5 exf5 28. c5 a5 29. c6 bxc6 30. Nxc6 Re8 31. Nxe7+ Rxe7 32. Ke2 Kh7 33. Kf3 Rd7 34. Rc4 Nd2+ 35. Bxd2 Rxd2 36. Ra4 Rxb2 37. Rxa5 Rh2 38. Rxf5 1/2-1/2

[Event "BL2-Ost 1718"]
[Site "Germany"]
[Date "2017.12.09"]
[Round "5.2"]
[White "Bayer, Bernhard"]
[Black "Votava, Jan"]
[Result "0-1"]
[WhiteElo "2411"]
[BlackElo "2512"]
[PlyCount "90"]
[EventDate "2017.10.21"]
[EventType "team-tourn"]
[EventRounds "10"]
[EventCountry "GER"]
[SourceTitle "CBM 183 Extra"]
[Source "ChessBase"]
[SourceDate "2018.04.19"]
[SourceVersion "1"]
[SourceVersionDate "2018.04.19"]
[SourceQuality "1"]
[WhiteTeam "Weilheim"]
[BlackTeam "Erfurt"]
[WhiteTeamCountry "GER"]
[BlackTeamCountry "GER"]

1. Nf3 Nf6 2. c4 c5 3. g3 b6 4. Bg2 Bb7 5. 0-0 e6 6. b3 Be7 7. Bb2 0-0 8. Nc3 d5 9. cxd5 Nxd5 10. d4 Nd7 11. Rc1 Rc8 12. Nxd5 Bxd5 13. dxc5 Nxc5 14. Rc2 Bf6 15. Qa1 Be4 16. Rd2 Qe7 17. Rfd1 a5 18. Bxf6 Qxf6 19. Qxf6 gxf6 20. Rd6 b5 21. Rb6 Rfd8 22. Rxd8+ Rxd8 23. Rxb5 Rd1+ 24. Bf1 Nb7 25. Nh4 Kf8 26. Ng2 Ke7 27. Ne3 Ra1 28. a4 Rb1 29. f4 Bc6 30. Rb6 Kd7 31. Kf2 Nc5 32. Bg2 Bxg2 33. Kxg2 Rxb3 34. Rxb3 Nxb3 35. Kh3 Kd6 36. Kh4 Kc5 37. Kh5 Kd4 38. Ng4 Nc5 39. Nxf6 Nxa4 40. Nd7 Nc3 41. e3+ Kxe3 42. Nc5 a4 43. Kh6 a3 44. Kxh7 Ne2 45. Kg7 Nd4 0-1

[Event "AUT-chT 1718"]
[Site "Austria"]
[Date "2017.11.16"]
[Round "1.5"]
[White "Bayer, Bernhard"]
[Black "Mesaros, Florian"]
[Result "0-1"]
[WhiteElo "2411"]
[BlackElo "2420"]
[PlyCount "102"]
[EventDate "2017.11.16"]
[EventType "team-tourn"]
[EventRounds "11"]
[EventCountry "AUT"]
[SourceTitle "CBM 181 Extra"]
[Source "ChessBase"]
[SourceDate "2017.12.12"]
[SourceVersion "1"]
[SourceVersionDate "2017.12.12"]
[SourceQuality "1"]
[WhiteTeam "Absam"]
[BlackTeam "Wulkaprodersdorf"]
[WhiteTeamCountry "AUT"]
[BlackTeamCountry "AUT"]

1. Nf3 d5 2. d4 Nf6 3. b3 g6 4. Bb2 Bg7 5. e3 0-0 6. Bd3 c5 7. Nbd2 cxd4 8. exd4 Nc6 9. 0-0 Nb4 10. Be2 Bf5 11. Ne1 Rc8 12. c3 Nc6 13. Nd3 Ne4 14. Nf3 Qd6 15. Nh4 Bd7 16. f4 b5 17. b4 e6 18. Nc5 Ne7 19. g3 Nf5 20. Nxf5 exf5 21. Qd3 Bc6 22. a4 bxa4 23. Nxa4 Rb8 24. Nc5 Rfe8 25. Qc2 Qe7 26. Bf3 Bb5 27. Rfe1 Qc7 28. Kg2 Bc4 29. Qa4 Re7 30. Qa5 Qd6 31. Rad1 Bf6 32. Qa1 Kg7 33. Ba3 Rb5 34. Qc1 h5 35. Qc2 Rc7 36. Bb2 Qb6 37. Ra1 Re7 38. Ra6 Qb8 39. Raa1 a5 40. Rxa5 Rxa5 41. bxa5 Nxc5 42. Rxe7 Bxe7 43. dxc5 Bxc5 44. h4 Qd8 45. Kh2 Kg8 46. Qa4 Qe7 47. Qa1 Qe3 48. Bg2 Qe2 49. Ba3 Bf2 50. Qb2 Qe3 51. Qb8+ Kh7 0-1

[Event "BL2-Ost 1718"]
[Site "Germany"]
[Date "2017.11.12"]
[Round "4.3"]
[White "Neuman, Petr"]
[Black "Bayer, Bernhard"]
[Result "1/2-1/2"]
[WhiteElo "2440"]
[BlackElo "2411"]
[PlyCount "112"]
[EventDate "2017.10.21"]
[EventType "team-tourn"]
[EventRounds "10"]
[EventCountry "GER"]
[SourceTitle "CBM 183 Extra"]
[Source "ChessBase"]
[SourceDate "2018.04.19"]
[SourceVersion "1"]
[SourceVersionDate "2018.04.19"]
[SourceQuality "1"]
[WhiteTeam "Bindlach"]
[BlackTeam "Weilheim"]
[WhiteTeamCountry "GER"]
[BlackTeamCountry "GER"]

1. e4 c6 2. Nf3 d5 3. Nc3 Bg4 4. h3 Bxf3 5. Qxf3 e6 6. d3 Bb4 7. a3 Bxc3+ 8. bxc3 Qf6 9. d4 Qxf3 10. gxf3 Ne7 11. a4 Nd7 12. Ba3 Ng6 13. c4 Nh4 14. Be2 Nf6 15. Rg1 Rg8 16. Rb1 b6 17. cxd5 cxd5 18. Rb3 Rc8 19. c4 dxc4 20. Rc3 Kd7 21. Kd2 a6 22. Rb1 Rc6 23. Rxc4 Nxf3+ 24. Ke3 Rxc4 25. Bxc4 Rc8 26. Rc1 Ng5 27. f3 Nxh3 28. Bxa6 Rxc1 29. Bxc1 g5 30. Bb5+ Kd8 31. Bb2 Ne8 32. d5 Nd6 33. Bf6+ Kc8 34. Bf1 Nf4 35. Bxg5 Ng6 36. Bh3 Kd7 37. Kd4 Nb7 38. f4 Nc5 39. Bf1 Nb3+ 40. Kc3 Nc5 41. Bb5+ Kd6 42. Kd4 exd5 43. e5+ Ke6 44. Bf1 Ne7 45. Bxe7 Kxe7 46. Kxd5 Nxa4 47. Kc6 f6 48. exf6+ Kxf6 49. Kb5 Nc3+ 50. Kxb6 Kf5 51. Bd3+ Ne4 52. Kc6 Kxf4 53. Kd5 Nf6+ 54. Ke6 Ne4 55. Kd5 Nf6+ 56. Ke6 Ne4 1/2-1/2

[Event "Porto Mannu op 9th"]
[Site "Porto Mannu"]
[Date "2017.06.10"]
[Round "9"]
[White "Loew, Gerald"]
[Black "Bayer, Bernhard"]
[Result "1/2-1/2"]
[WhiteElo "2232"]
[BlackElo "2421"]
[PlyCount "25"]
[EventDate "2017.06.03"]
[EventType "swiss"]
[EventRounds "9"]
[EventCountry "ITA"]
[SourceTitle "CBM 178 Extra"]
[Source "ChessBase"]
[SourceDate "2017.06.22"]
[SourceVersion "1"]
[SourceVersionDate "2017.06.22"]
[SourceQuality "1"]

1. c4 e5 2. Nc3 Nf6 3. Nf3 Nc6 4. e3 Bb4 5. Qc2 a5 6. Nd5 0-0 7. a3 Bc5 8. b3 h6 9. Bb2 d6 10. Be2 Nxd5 11. cxd5 Ne7 12. Nxe5 Nxd5 13. Nf3 1/2-1/2

[Event "Porto Mannu op 9th"]
[Site "Porto Mannu"]
[Date "2017.06.08"]
[Round "7"]
[White "Voltolini, Giuseppe"]
[Black "Bayer, Bernhard"]
[Result "1/2-1/2"]
[WhiteElo "2072"]
[BlackElo "2421"]
[PlyCount "71"]
[EventDate "2017.06.03"]
[EventType "swiss"]
[EventRounds "9"]
[EventCountry "ITA"]
[SourceTitle "CBM 178 Extra"]
[Source "ChessBase"]
[SourceDate "2017.06.22"]
[SourceVersion "1"]
[SourceVersionDate "2017.06.22"]
[SourceQuality "1"]

1. d4 Nf6 2. c4 e6 3. Nc3 Bb4 4. e3 0-0 5. Bd3 c5 6. Nf3 Nc6 7. 0-0 Bxc3 8. bxc3 d6 9. e4 e5 10. d5 Ne7 11. Nh4 h6 12. f4 Ng6 13. Nxg6 fxg6 14. fxe5 dxe5 15. Be3 Qd6 16. Qd2 Bd7 17. Qb2 b6 18. Qc2 g5 19. h3 g4 20. Kh2 Qe7 21. Be2 Qe8 22. h4 Qh5 23. g3 g5 24. Kg2 gxh4 25. gxh4 Qg6 26. Bd3 Nh5 27. Qd2 Kh7 28. Rxf8 Rxf8 29. Rf1 Rxf1 30. Kxf1 g3 31. Kg1 Bg4 32. Bc2 Qd6 33. Bd1 Nf6 34. Bc2 Nh5 35. Bd1 Nf6 36. Bc2 1/2-1/2

[Event "Porto Mannu op 9th"]
[Site "Porto Mannu"]
[Date "2017.06.07"]
[Round "6"]
[White "Brunello, Sabino"]
[Black "Bayer, Bernhard"]
[Result "1-0"]
[WhiteElo "2578"]
[BlackElo "2421"]
[PlyCount "91"]
[EventDate "2017.06.03"]
[EventType "swiss"]
[EventRounds "9"]
[EventCountry "ITA"]
[SourceTitle "CBM 178 Extra"]
[Source "ChessBase"]
[SourceDate "2017.06.22"]
[SourceVersion "1"]
[SourceVersionDate "2017.06.22"]
[SourceQuality "1"]

1. d4 Nf6 2. c4 e6 3. Nf3 b6 4. g3 Ba6 5. b3 Bb4+ 6. Bd2 Be7 7. Bg2 Bb7 8. 0-0 0-0 9. Nc3 d5 10. cxd5 exd5 11. Rc1 Nbd7 12. Qc2 a6 13. Rfd1 Re8 14. Qb1 Bd6 15. Nh4 Rc8 16. Nf5 Bf8 17. Rc2 b5 18. e3 g6 19. Nh4 Bd6 20. Nf3 Qe7 21. Ne2 Ne4 22. Bc1 Ndf6 23. Nf4 c5 24. dxc5 Rxc5 25. Bb2 Rxc2 26. Qxc2 Rc8 27. Qd3 Ba3 28. Ba1 Qc7 29. Nd2 Qc2 30. Nxe4 Nxe4 31. Bxe4 dxe4 32. Qxc2 Rxc2 33. Rd8+ Bf8 34. Bf6 Rc8 35. Rd7 Bc6 36. Ra7 b4 37. Kg2 Bb5 38. Nd5 Rc1 39. g4 Rd1 40. Bd4 Bf1+ 41. Kg3 Bd6+ 42. Kh4 f5 43. Nf6+ Kf8 44. Nxh7+ Ke8 45. Nf6+ Kf8 46. Kg5 1-0

[Event "Porto Mannu op 9th"]
[Site "Porto Mannu"]
[Date "2017.06.06"]
[Round "4"]
[White "Bayer, Bernhard"]
[Black "Landa, Konstantin"]
[Result "0-1"]
[WhiteElo "2421"]
[BlackElo "2615"]
[PlyCount "86"]
[EventDate "2017.06.03"]
[EventType "swiss"]
[EventRounds "9"]
[EventCountry "ITA"]
[SourceTitle "CBM 178 Extra"]
[Source "ChessBase"]
[SourceDate "2017.06.22"]
[SourceVersion "1"]
[SourceVersionDate "2017.06.22"]
[SourceQuality "1"]

1. d4 d5 2. Nf3 Nf6 3. g3 c6 4. Bg2 Bf5 5. 0-0 e6 6. c4 Nbd7 7. b3 Be7 8. Bb2 0-0 9. Nc3 Ne4 10. Nd2 Nxc3 11. Bxc3 Nf6 12. Re1 a5 13. e4 dxe4 14. Nxe4 Qb6 15. d5 Bxe4 16. Bxe4 cxd5 17. cxd5 Rfd8 18. Bxf6 Bxf6 19. Rc1 exd5 20. Bd3 g6 21. Kg2 Kg7 22. h4 h5 23. Qf3 Rd6 24. Rc2 Rad8 25. Qd1 Bd4 26. Re7 Bf6 27. Re1 Rc6 28. Ree2 Qb4 29. f4 Rdc8 30. Rf2 Bd4 31. Rfe2 Bc3 32. Rf2 f5 33. Rfe2 Kh6 34. Re3 Bf6 35. Ree2 Qd4 36. Red2 Qe3 37. Re2 Qb6 38. Red2 Bc3 39. Re2 Qd4 40. Re7 Bb4 41. Rxc6 Rxc6 42. Rxb7 Rc3 43. Qxh5+ gxh5 0-1

[Event "Porto Mannu op 9th"]
[Site "Porto Mannu"]
[Date "2017.06.04"]
[Round "2"]
[White "Bayer, Bernhard"]
[Black "Deglmann, Ludwig"]
[Result "1/2-1/2"]
[WhiteElo "2421"]
[BlackElo "2285"]
[PlyCount "21"]
[EventDate "2017.06.03"]
[EventType "swiss"]
[EventRounds "9"]
[EventCountry "ITA"]
[SourceTitle "CBM 178 Extra"]
[Source "ChessBase"]
[SourceDate "2017.06.22"]
[SourceVersion "1"]
[SourceVersionDate "2017.06.22"]
[SourceQuality "1"]

1. e4 e6 2. d3 d5 3. Nd2 c5 4. g3 Nc6 5. Bg2 g6 6. h4 h6 7. h5 g5 8. f4 gxf4 9. gxf4 Nf6 10. c3 b6 11. Qf3 1/2-1/2

[Event "Porto Mannu op 9th"]
[Site "Porto Mannu"]
[Date "2017.06.03"]
[Round "1"]
[White "Hoenick, Andreas"]
[Black "Bayer, Bernhard"]
[Result "0-1"]
[WhiteElo "2170"]
[BlackElo "2421"]
[PlyCount "54"]
[EventDate "2017.06.03"]
[EventType "swiss"]
[EventRounds "9"]
[EventCountry "ITA"]
[SourceTitle "CBM 178 Extra"]
[Source "ChessBase"]
[SourceDate "2017.06.22"]
[SourceVersion "1"]
[SourceVersionDate "2017.06.22"]
[SourceQuality "1"]

1. d4 Nf6 2. c4 e6 3. Nc3 Bb4 4. Qc2 c5 5. dxc5 Bxc5 6. Nf3 Nc6 7. Bf4 0-0 8. e3 d5 9. 0-0-0 Qa5 10. Kb1 e5 11. Nxe5 Nb4 12. Qb3 Bf5+ 13. Bd3 Nxd3 14. Nxd3 dxc4 15. Qxc4 Rac8 16. Qb3 Rfd8 17. Qxb7 Rxd3 18. e4 Rxd1+ 19. Rxd1 Be6 20. f3 Bf8 21. Rd2 h6 22. Be3 Bc5 23. Bf4 Bb4 24. Rc2 Bxc3 25. bxc3 Rc5 26. Rb2 Qxc3 27. Bd2 Qd3+ 0-1

[Event "AUT-chT 1617"]
[Site "Austria"]
[Date "2017.04.21"]
[Round "10.1"]
[White "Bayer, Bernhard"]
[Black "Georgiadis, Nico"]
[Result "1/2-1/2"]
[WhiteElo "2430"]
[BlackElo "2473"]
[PlyCount "59"]
[EventDate "2016.10.20"]
[EventType "team-tourn"]
[EventRounds "11"]
[EventCountry "AUT"]
[SourceTitle "CBM 177 Extra"]
[Source "ChessBase"]
[SourceDate "2017.04.27"]
[SourceVersion "1"]
[SourceVersionDate "2017.04.27"]
[SourceQuality "1"]
[WhiteTeam "Absam"]
[BlackTeam "Goetzis"]
[WhiteTeamCountry "AUT"]
[BlackTeamCountry "AUT"]

1. Nf3 Nf6 2. g3 b6 3. Bg2 Bb7 4. d4 g6 5. 0-0 Bg7 6. c4 0-0 7. Qc2 c5 8. d5 b5 9. e4 bxc4 10. Nc3 Na6 11. a3 Nc7 12. Nd2 d6 13. Nxc4 Ba6 14. b3 Nd7 15. Bb2 Nb6 16. Nxb6 axb6 17. Rfd1 e5 18. Bh3 Bc8 19. Bxc8 Qxc8 20. Kg2 f5 21. f3 Bh6 22. Qe2 Qa6 23. Re1 Qxe2+ 24. Rxe2 b5 25. Nd1 Rf7 26. Nf2 Raf8 27. Rd1 Na6 28. exf5 gxf5 29. g4 fxg4 30. fxg4 1/2-1/2

[Event "Oberliga Bayern 1617"]
[Site "Bayern"]
[Date "2017.02.19"]
[Round "6.2"]
[White "Bayer, Bernhard"]
[Black "Koch, Moritz"]
[Result "0-1"]
[WhiteElo "2379"]
[BlackElo "2199"]
[PlyCount "62"]
[EventDate "2016.10.16"]
[EventType "team-tourn"]
[EventRounds "9"]
[EventCountry "GER"]
[SourceTitle "EXT 2019"]
[Source "ChessBase"]
[SourceDate "2018.10.10"]
[SourceVersion "1"]
[SourceVersionDate "2018.10.10"]
[SourceQuality "1"]
[WhiteTeam "Weilheim"]
[BlackTeam "Herzogenaurach"]
[WhiteTeamCountry "GER"]
[BlackTeamCountry "GER"]

1. d4 f5 2. c4 d6 3. Nc3 Nf6 4. Bg5 Nbd7 5. Qc2 g6 6. Nf3 Bg7 7. 0-0-0 c6 8. h3 Qc7 9. e4 fxe4 10. Nxe4 0-0 11. Nc3 e5 12. dxe5 Nxe5 13. Nxe5 dxe5 14. Bd3 Qe7 15. Be3 Be6 16. b3 a5 17. Kb1 e4 18. Be2 b5 19. cxb5 cxb5 20. Nxb5 a4 21. bxa4 Rfc8 22. Qb2 Rxa4 23. a3 Nd5 24. Bd4 Rxd4 25. Rxd4 Nc3+ 26. Nxc3 Bxd4 27. Rc1 Qg7 28. Ba6 Bxc3 29. Bxc8 Bxb2 30. Bxe6+ Kf8 31. Rc8+ Ke7 0-1

[Event "Oberliga Bayern 1617"]
[Site "Bayern"]
[Date "2017.02.05"]
[Round "5.2"]
[White "Schmid, Roland1111"]
[Black "Bayer, Bernhard"]
[Result "0-1"]
[WhiteElo "2240"]
[BlackElo "2379"]
[PlyCount "102"]
[EventDate "2016.10.16"]
[EventType "team-tourn"]
[EventRounds "9"]
[EventCountry "GER"]
[SourceTitle "EXT 2019"]
[Source "ChessBase"]
[SourceDate "2018.10.10"]
[SourceVersion "1"]
[SourceVersionDate "2018.10.10"]
[SourceQuality "1"]
[WhiteTeam "Regensburg Post/Sued"]
[BlackTeam "Weilheim"]
[WhiteTeamCountry "GER"]
[BlackTeamCountry "GER"]

1. Nf3 Nf6 2. c4 e6 3. g3 d5 4. d4 c6 5. Bg2 Be7 6. 0-0 0-0 7. Qc2 b6 8. Rd1 Ba6 9. b3 Nbd7 10. Nc3 dxc4 11. Ne5 Nxe5 12. dxe5 Nd5 13. Rd4 Qc7 14. bxc4 Nxc3 15. Qxc3 Qxe5 16. Bb2 Bf6 17. Qc2 Qc5 18. Rad1 Bxd4 19. Rxd4 e5 20. Rh4 f5 21. Qa4 Bb7 22. Ba3 Qa5 23. Qxa5 bxa5 24. Bxf8 Rxf8 25. c5 Rd8 26. Ra4 Rd1+ 27. Bf1 Ba6 28. Kg2 Bb5 29. Rxa5 a6 30. f3 Kf7 31. Ra3 Rc1 32. f4 Rxc5 33. Kf2 Kf6 34. Rb3 Rc2 35. a3 h6 36. Re3 exf4 37. gxf4 Rc4 38. Kg3 g5 39. fxg5+ hxg5 40. Rb3 Rf4 41. Bg2 Rc4 42. Kf2 Rc2 43. Bf1 Ra2 44. Rc3 a5 45. Ke3 Ke6 46. Kd4 Kd6 47. Ke3 Ra1 48. Bg2 Re1 49. Rc2 a4 50. Bf3 Rb1 51. Kd2 g4 0-1